000 00816nam a22002177a 4500
003 BUBTL
008 211207b ||||| |||| 00| 0 eng d
020 _a98470264503
082 _a954.925/ C4595c/ 2010
100 _94450
_aচৌধুরী, কবীর
245 _aচিরঞ্জীব শেখ মুজিব /
_cকবীর চৌধুরী
250 _a1st Edn.
260 _aঢাকা :
_bজনতা প্রকাশ,
_cc2010
300 _a336 p. :
_c22 cm.
505 _aচিরঞ্জীব শেখ মুজিব, কবীর চৌধুরী, বঙ্গবন্ধু, Bangabandhu
650 0 _93573
_aবঙ্গবন্ধু
650 0 _94372
_aBangabandhu
856 _k0
_l0
_yDownload
942 _2ddc
_cBK
999 _c6601
_d6601